header

Future opportunities to leverage the Alzheimer's disease neuroimaging initiative (Record no. 135673)

MARC details
000 -LEADER
fixed length control field 01452nam a2200313 a 4500
100 1# - MAIN ENTRY--AUTHOR NAME
Personal name Wizeman, Theresa.
245 10 - TITLE STATEMENT
Title Future opportunities to leverage the Alzheimer's disease neuroimaging initiative
260 ## - PUBLICATION, DISTRIBUTION, ETC. (IMPRINT)
Place of publication Washington, D.C. :
Name of publisher National Academies Press,
Year of publication 2011.
300 ## - PHYSICAL DESCRIPTION
Number of Pages xi, 24 p. :
Other physical details ill.
650 #0 - SUBJECT ADDED ENTRY--TOPICAL TERM
Topical Term Alzheimer's disease
700 1# - ADDED ENTRY--PERSONAL NAME
Personal name Pankevich, Diana E.,
Personal name Altevogt, Bruce M.
856 40 - ELECTRONIC LOCATION AND ACCESS
Uniform Resource Identifier http://site.ebrary.com/lib/rucke/Doc?id=10443263

No items available.

© 2026 Rongo University
Contact us: librarian | system librarian | Rongo university